000 00212nam a22000857a 4500
008 170131b xxu||||| |||| 00| 0 eng d
100 _92714
_aMukherjee.N
245 _aGo for Social Science-6
260 _aNew Delhi
_c2013
999 _c5878
_d5878